| 000 | 00694nam a22001937a 4500 | ||
|---|---|---|---|
| 999 |
_c13594 _d13594 |
||
| 008 | 190328b ||||| |||| 00| 0 eng d | ||
| 020 | _a9781118715925 | ||
| 082 |
_22013 _aAV-Eb 658.4 _bL693 |
||
| 100 |
_aLi, Charlene. _937905 |
||
| 245 |
_aThe seven success factors of social business strategy / _cCharlene Li and Brian Solis |
||
| 250 | _aFirst Edition | ||
| 260 |
_aSan Francisco: _bJohn Wiley & Sons, Incorporated, _c©2013. |
||
| 300 | _a86 pages; | ||
| 500 | _aIncludes index. | ||
| 650 |
_aManagement--Social aspects. _937906 |
||
| 700 |
_aSolis, Brian. _937907 |
||
| 856 | _yhttps://ebookcentral.proquest.com/lib/uniofmindanao-ebooks/detail.action?docID=1224675 | ||
| 942 |
_2ddc _cEB |
||